000 00521nam a2200217Ia 4500
003 OSt
005 20220928140718.0
006 a|||||r|||| 00| 0
007 ta
008 220927b |||||||| |||| 00| 0 eng d
024 _a11283
037 _cTextual
040 _aSDCL
_cSDCL
_beng
041 _2eng
_aeng
082 _aX:8v, L7
100 _aSingh R N
_9497209
245 0 _aManagement thought and thinkers
260 _c1977
942 _hX:8v, L7
_cTEXL
_2CC
999 _c813727
_d813727